Tour de France Stage Wins by Country - Statistics

General Stats
  • This quiz has been taken 103 times
  • The average score is 28 of 35
Answer Stats
# Country Last Win % Correct
717 France 2025
100%
503 Belgium 2025
97%
131 Spain 2023
97%
79 Great Britain 2025
96%
19 United States 2021
93%
273 Italy 2025
92%
186 Netherlands 2025
92%
3 Canada 2023
91%
15 Ireland 2025
91%
12 Portugal 2013
91%
29 Denmark 2024
90%
90 Germany 2021
90%
11 Russia 2016
90%
27 Slovenia 2025
90%
20 Norway 2025
89%
13 Slovakia 2019
89%
1 Sweden 1998
89%
22 Colombia 2020
86%
61 Switzerland 2020
86%
40 Australia 2025
85%
7 Poland 2023
85%
6 Austria 2023
83%
71 Luxembourg 2022
83%
3 Czechia 2015
75%
2 Mexico 1990
75%
1 Brazil 1991
74%
2 Latvia 1994
71%
1 Ecuador 2024
67%
4 Estonia 2004
67%
1 Lithuania 2014
63%
4 Ukraine 2006
62%
3 Eritrea 2024
60%
2 South Africa 2019
52%
6 Kazakhstan 2020
49%
9 Uzbekistan 1996
23%
No matching quizzes found
Score Distribution
Percent of People with Each Score
Percentile by Number Answered
Your Score History
You have not taken this quiz